Cestovní ruch v nových podmínkách

Po tragických udalostiach z 11.9. 2001 sa priemysel cestovného ruchu ocitol v novej situácii. Vývoj cestovného ruchu v Českej republike a vo vyspelých krajinách sveta. Prognózy cestovného ruchu na rok 2002.

Gespeichert in:
Bibliographische Detailangaben
1. Verfasser: Nejdl, Karel
Format: Buchkapitel
Sprache:Tschechisch
Schlagworte:
Tags: Tag hinzufügen
Keine Tags, Fügen Sie das erste Tag hinzu!

MARC

LEADER 00000naa a2200000 4500
001 r044098
005 20231004070322.0
041 0 |a cze 
044 |a CZ 
245 1 0 |a Cestovní ruch v nových podmínkách  |c Karel Nejdl 
520 |a Po tragických udalostiach z 11.9. 2001 sa priemysel cestovného ruchu ocitol v novej situácii. Vývoj cestovného ruchu v Českej republike a vo vyspelých krajinách sveta. Prognózy cestovného ruchu na rok 2002. 
610 2 0 |a ruch cestovný 
610 2 0 |a krajiny vyspelé 
610 2 0 |a Česko 
610 2 0 |a USA 
610 2 0 |a politika medzinárodná 
610 2 0 |a turistika 
610 2 0 |a prognózy 
100 1 |a Nejdl, Karel